Tâm lý giáo dục : Lý thuyết và thực hành

Na minha lista:
Detalhes bibliográficos
Autor principal: Đào, Quý
Formato: Livro
Idioma:Undetermined
Publicado em: Hà Nội Thống kê 2006
Assuntos:
Tags: Adicionar Tag
Sem tags, seja o primeiro a adicionar uma tag!
Thư viện lưu trữ: Trung tâm Học liệu Trường Đại học Cần Thơ
LEADER 00590nam a2200205Ia 4500
001 CTU_98403
008 210402s9999 xx 000 0 und d
020 |c 115000 
082 |a 370.15 
082 |b Qu600 
100 |a Đào, Quý 
245 0 |a Tâm lý giáo dục : 
245 0 |b Lý thuyết và thực hành 
245 0 |c Đào Quý, Văn Thủy 
260 |a Hà Nội 
260 |b Thống kê 
260 |c 2006 
650 |a Educational psychology,Learning, psychology of 
904 |i Tuyến 
980 |a Trung tâm Học liệu Trường Đại học Cần Thơ